| 000 | 00706nam a2200217 i 4500 | ||
|---|---|---|---|
| 001 | 117754 | ||
| 003 | ES-MaACL | ||
| 005 | 20230906190950.0 | ||
| 007 | t| | ||
| 008 | 070214s1974 ag |||| | spa d | ||
| 100 | 1 |
_aPeirce, Charles Sanders. _990000 |
|
| 245 | 1 | 3 |
_aLa ciencia de la semiótica / _cCharles S. Peirce ; traducción de Beatriz Bugni. |
| 260 |
_aBuenos Aires : _bNueva Visión, _c1974. |
||
| 300 |
_a116 p. ; _c23 cm. |
||
| 490 | 1 | _aColección de semiología y epistemología | |
| 650 | 0 | 4 |
_aSemántica (Filosofía) _917038 |
| 700 | 1 |
_aBugni, Beatriz. _932447 |
|
| 830 | 0 |
_aColección de semiología y epistemología _9233372 |
|
| 852 |
_aES-MaACL _jE-8855 |
||
| 999 |
_c117754 _d117754 |
||